Arinthavarkalum Ariyaathavaiyum (Known and Unknown) (Record no. 5986)
[ view plain ]
| 000 -LEADER | |
|---|---|
| fixed length control field | 00594cam a2200229 i 4500 |
| 001 - CONTROL NUMBER | |
| control field | 20049889 |
| 005 - DATE AND TIME OF LATEST TRANSACTION | |
| control field | 20250227004057.0 |
| 008 - FIXED-LENGTH DATA ELEMENTS--GENERAL INFORMATION | |
| fixed length control field | 170925e201709 ce a b 000 0ctamo |
| 020 ## - INTERNATIONAL STANDARD BOOK NUMBER | |
| ISBN | 9789553857408 |
| 040 ## - CATALOGING SOURCE (பட்டியலாக்க மூலம்) | |
| Original cataloging agency | DLC |
| Language of cataloging | eng |
| Description conventions | rda |
| Transcribing agency | DLC |
| Modifying agency | DLC |
| 082 ## - DDC Classification | |
| DDC Edition Number | 7037 |
| Class No. | 920 |
| Item Number - Author Mark | SAR |
| 100 1# - MAIN ENTRY--PERSONAL NAME | |
| Personal name | Sarawanan, K. N |
| 245 10 - TITLE STATEMENT | |
| Title | Arinthavarkalum Ariyaathavaiyum (Known and Unknown) |
| 250 ## - EDITION STATEMENT | |
| Edition statement | Mutal patippu. |
| 260 ## - PUBLICATION, DISTRIBUTION, ETC. | |
| Place of publication, distribution, etc. | Kandana |
| Name of publisher, distributor, etc. | Bookvin Publisher |
| Date of publication, distribution, etc. | 2017 |
| 300 ## - PHYSICAL DESCRIPTION | |
| Extent (e.g. Volumes, Pages etc.) | xii, 228 p., |
| 650 #0 - SUBJECT ADDED ENTRY--TOPICAL TERM | |
| Topical term or geographic name entry element | Social reformers |
| 650 #0 - SUBJECT ADDED ENTRY--TOPICAL TERM | |
| Topical term or geographic name entry element | British |
| 650 #0 - SUBJECT ADDED ENTRY--TOPICAL TERM | |
| Topical term or geographic name entry element | History |
| 650 #0 - SUBJECT ADDED ENTRY--TOPICAL TERM | |
| Topical term or geographic name entry element | Colonization |
| 942 ## - Koha item type (Biblio) | |
| Koha item type | Books in Stacks (Lending) |
| Lost status | Damaged status | Collection code | Home library | Current library | Date acquired | Full call number | Accession Number | Item type |
|---|---|---|---|---|---|---|---|---|
| Lending | WERC Library | WERC Library | 02/27/2025 | 920 SAR | 7037 | Books in Stacks (Lending) |
